Riziká obchodných platieb v zahraničných obchodných činnostiach podniku
Obchodné platby a teritoriálne riziká. Riziká obchodných operácií. Riziká determinované exportérom a importérom. Eliminácia rizík exportného financovania. Financovanie exportnej operácie.
Guardado en:
| Autor principal: | |
|---|---|
| Formato: | Capítulo de libro |
| Lenguaje: | eslovaco |
| Materias: | |
| Etiquetas: |
Sin Etiquetas, Sea el primero en etiquetar este registro!
|
MARC
| LEADER | 00000nla a2200000 4500 | ||
|---|---|---|---|
| 001 | 0180591 | ||
| 005 | 20240502073100.3 | ||
| 041 | 0 | |a slo | |
| 044 | |a SK | ||
| 245 | 1 | 0 | |a Riziká obchodných platieb v zahraničných obchodných činnostiach podniku |c Magdaléna Kubranová |
| 520 | |a Obchodné platby a teritoriálne riziká. Riziká obchodných operácií. Riziká determinované exportérom a importérom. Eliminácia rizík exportného financovania. Financovanie exportnej operácie. | ||
| 610 | 2 | 0 | |a obchod zahraničný |
| 610 | 2 | 0 | |a vývoz |
| 610 | 2 | 0 | |a dovoz |
| 610 | 2 | 0 | |a platby obchodné |
| 610 | 2 | 0 | |a riadenie rizík |
| 100 | 1 | |a Kubranová, Magdaléna, 1956- | |